MARC details
| 000 -CABECERA |
| campo de control de longitud fija |
01372nam a2200325 a 4500 |
| 001 - NÚMERO DE CONTROL |
| campo de control |
991029368879706706 |
| 003 - IDENTIFICADOR DEL NÚMERO DE CONTROL |
| campo de control |
ES-BaIT |
| 005 - FECHA Y HORA DE LA ÚLTIMA TRANSACCIÓN |
| campo de control |
20251006131844.0 |
| 008 - DATOS DE LONGITUD FIJA--INFORMACIÓN GENERAL |
| campo de control de longitud fija |
910807s1987 sp |||||| 000 ||spa|c |
| 017 ## - NÚMERO DE COPYRIGHT O DE DEPÓSITO LEGAL |
| Número de copyright o de depósito legal |
DL M. 25117-1987 |
| 020 ## - NÚMERO INTERNACIONAL ESTÁNDAR DEL LIBRO |
| Número Internacional Estándar del Libro |
8420602698 |
| 035 ## - NÚMERO DE CONTROL DEL SISTEMA |
| Número de control de sistema |
(ES-BaCBU).b17691199 |
| 035 ## - NÚMERO DE CONTROL DEL SISTEMA |
| Número de control de sistema |
(OCoLC)805625515 |
| 040 ## - FUENTE DE LA CATALOGACIÓN |
| Centro catalogador/agencia de origen |
ES-BaCBU |
| Lengua de catalogación |
cat |
| Centro/agencia transcriptor |
ES-BaCBU |
| 080 ## - NÚMERO DE LA CLASIFICACIÓN DECIMAL UNIVERSAL |
| Número de la Clasificación Decimal Universal |
875-83"01" |
| 080 ## - NÚMERO DE LA CLASIFICACIÓN DECIMAL UNIVERSAL |
| Número de la Clasificación Decimal Universal |
875 |
| 100 0# - ENTRADA PRINCIPAL--NOMBRE DE PERSONA |
| Nombre de persona |
Llucià, |
| Fechas asociadas al nombre |
aproximadament 120-aproximadament 190 |
| 9 (RLIN) |
150770 |
| 245 10 - MENCIÓN DE TÍTULO |
| Título |
Diálogos de los dioses ; |
| Resto del título |
Diálogos de los muertos ; Diálogos marinos ; Diálogos de las cortesanas / |
| Mención de responsabilidad, etc. |
Luciano de Samósata ; introducción, traducción y notas de Juan Zaragoza Botella |
| 260 ## - PUBLICACIÓN, DISTRIBUCIÓN, ETC. |
| Lugar de publicación, distribución, etc. |
Madrid : |
| Nombre del editor, distribuidor, etc. |
Alianza, |
| Fecha de publicación, distribución, etc. |
cop. 1987 |
| 300 ## - DESCRIPCIÓN FÍSICA |
| Extensión |
211 p. ; |
| Dimensiones |
18 cm |
| 504 ## - NOTA DE BIBLIOGRAFÍA, ETC. |
| Nota de bibliografía, etc. |
Referències bibliogràfiques |
| 700 0# - ENTRADA AGREGADA--NOMBRE PERSONAL |
| Nombre de persona |
Llucià, |
| Fechas asociadas al nombre |
aproximadament 120-aproximadament 190. |
| Título de la obra |
Diàlegs dels morts. |
| Lenguaje de la obra |
Castellà |
| 9 (RLIN) |
167408 |
| 700 0# - ENTRADA AGREGADA--NOMBRE PERSONAL |
| Nombre de persona |
Llucià, |
| Fechas asociadas al nombre |
aproximadament 120-aproximadament 190. |
| Título de la obra |
Diálogos marinos |
| 9 (RLIN) |
167409 |
| 700 0# - ENTRADA AGREGADA--NOMBRE PERSONAL |
| Nombre de persona |
Llucià, |
| Fechas asociadas al nombre |
aproximadament 120-aproximadament 190. |
| Título de la obra |
Diálogos de las cortesanas |
| 9 (RLIN) |
167410 |
| 700 1# - ENTRADA AGREGADA--NOMBRE PERSONAL |
| Nombre de persona |
Zaragoza, Juan, |
| Fechas asociadas al nombre |
1921-2010 |
| 9 (RLIN) |
167411 |
| 830 ## - PUNTO DE ACCESO ADICIONAL DE SERIE-TÍTULO UNIFORME |
| Título uniforme |
El Libro de bolsillo (Alianza). |
| Nombre de parte o sección de la obra |
Clásicos |
| Designación de volumen o secuencia |
1269. |
| 9 (RLIN) |
70415 |
| 907 ## - ELEMENTOS DE DATOS G LOCAL, LDG (RLIN) |
| a |
.b17691199 |
| b |
19-03-20 |
| c |
07-05-08 |
| d |
07-08-91 |
| e |
m |
| f |
a |
| g |
- |
| h |
spa |
| i |
sp |
| j |
0 |
| k |
2 |
| 908 ## - COLOCAR PARÁMETRO DE COMANDO (RLIN) |
| Colocar parámetro de comando |
UdL |
| -- |
UPF |
| -- |
BC |
| -- |
CLR |
| 942 ## - ELEMENTOS DE ENTRADA AGREGADA (KOHA) |
| Fuente del sistema de clasificación o colocación |
Clasificación decimal universal |
| Tipo de ítem Koha |
Llibre |